[Event "SLO-chT 06th"]
[Site "Bled"]
[Date "1996.??.??"]
[Round "6"]
[White "Grosar, Kiti"]
[Black "Parkelj, M."]
[Result "1-0"]
[WhiteElo "2195"]
[BlackElo "1840"]
[PlyCount "53"]
[EventDate "1996.??.??"]
[EventType "team-tourn"]
[EventRounds "7"]
[EventCountry "SLO"]
[SourceTitle "CBM 055 Extra"]
[Source "ChessBase"]
[SourceDate "1997.01.01"]
[SourceVersion "1"]
[SourceVersionDate "1997.01.01"]
[SourceQuality "1"]
[WhiteTeam "Nova Gorica"]
[BlackTeam "Iskra Tolmin"]
[WhiteTeamCountry "SLO"]
[BlackTeamCountry "SLO"]

1. e4 e6 2. d4 d5 3. e5 c5 4. c3 Nc6 5. Nf3 Nge7 6. a3 cxd4 7. cxd4 Nf5 8. b4 Qb6 9. Be3 Be7 10. Bd3 Nxe3 11. fxe3 f5 12. Nc3 0-0 13. h4 Qd8 14. Ne2 Bd7 15. Nf4 a6 16. Kf2 Na7 17. Ng5 Bxg5 18. hxg5 g6 19. Rxh7 Rf7 20. Rh6 Rg7 21. Qh1 Kf7 22. Rxg6 Rxg6 23. Nxg6 Qg8 24. Be2 Qg7 25. Nf4 Ke7 26. Qh4 Rh8 27. Qxh8 1-0